El cerdo (Record no. 107783)

MARC details
000 -LEADER
campo de control de longitud fija 00577nam a2200181 4500
001 - NÚMERO DE CONTROL
campo de control 107783
003 - IDENTIFICADOR DE NÚMERO DE CONTROL
campo de control ES-MaACL
005 - FECHA Y HORA DE LA ÚLTIMA TRANSACCIÓN
campo de control 20230906184505.0
007 - CAMPO FIJO DE DESCRIPCIÓN FÍSICA--INFORMACIÓN GENERAL
campo de control de longitud fija t|
008 - DATOS DE LONGITUD FIJA--INFORMACIÓN GENERAL
campo de control de longitud fija 061121s1968 sp r ||||1| spa d
100 1# - ENTRADA PRINCIPAL--NOMBRE DE PERSONA
Nombre de persona Motte, M.
9 (RLIN) 83836
245 13 - MENCIÓN DEL TÍTULO
Título El cerdo
Resto del título : explotación /
Mención de responsabilidad, etc. M. Motte; edición revisada y ampliada de R. Pouzet; versión de Julio Gallego García.
260 ## - PUBLICACIÓN, DISTRIBUCIÓN, ETC.
Lugar de publicación, distribución, etc. Madrid :
Nombre del editor, distribuidor, etc. Mundi-Prensa,
Fecha de publicación, distribución, etc. 1968.
300 ## - DESCRIPCIÓN FÍSICA
Extensión 315 p. :
Otras características físicas il. ;
Dimensiones 22 cm.
700 1# - ENTRADA AGREGADA--NOMBRE PERSONAL
Nombre de persona Pouzet, R.
9 (RLIN) 93478
700 1# - ENTRADA AGREGADA--NOMBRE PERSONAL
Nombre de persona Gallego García, Julio.
9 (RLIN) 53566
852 ## - LOCALIZACIÓN
Ubicación ES-MaACL
Número de control de estantería C-46867
Sublocalización o colección R.66515
Holdings
Estatus retirado Estado de pérdida Estado de daño No para préstamo Biblioteca de origen Biblioteca actual Ubicación en estantería Fecha de adquisición Fuente de adquisición Total de préstamos Signatura topográfica completa Código de barras Visto por última vez Precio de reemplazo Tipo de ítem Koha
        Biblioteca del Ateneo de Madrid Biblioteca del Ateneo de Madrid Depósito 2 17/01/2008     C-46867 1112486 23/02/2023 23/02/2023 Libro impreso